Contestaciones al programa de oposiciones libres a médicos titulares. (Record no. 47018)
[ view plain ]
| 000 -LEADER | |
|---|---|
| campo de control de longitud fija | 00705nam a2200193 i 4500 |
| 001 - NÚMERO DE CONTROL | |
| campo de control | 47018 |
| 003 - IDENTIFICADOR DE NÚMERO DE CONTROL | |
| campo de control | ES-MaACL |
| 005 - FECHA Y HORA DE LA ÚLTIMA TRANSACCIÓN | |
| campo de control | 20230906161504.0 |
| 007 - CAMPO FIJO DE DESCRIPCIÓN FÍSICA--INFORMACIÓN GENERAL | |
| campo de control de longitud fija | t| |
| 008 - DATOS DE LONGITUD FIJA--INFORMACIÓN GENERAL | |
| campo de control de longitud fija | 030402s1962 sp ||||1| spa d |
| 245 00 - MENCIÓN DEL TÍTULO | |
| Título | Contestaciones al programa de oposiciones libres a médicos titulares. |
| Número de parte o sección de la obra | I, |
| Nombre de parte o sección de la obra | Medicina / |
| Mención de responsabilidad, etc. | por los doctores M. Moraza Ortega, D. Carrasco Pardal... [et al.]. |
| 260 ## - PUBLICACIÓN, DISTRIBUCIÓN, ETC. | |
| Lugar de publicación, distribución, etc. | Salamanca : |
| Nombre del editor, distribuidor, etc. | [s.n.], |
| Fecha de publicación, distribución, etc. | 1962 ( |
| Fabricante | Tall. Cervantes) |
| 300 ## - DESCRIPCIÓN FÍSICA | |
| Extensión | 339 p. ; |
| Dimensiones | 25 cm. |
| 610 24 - PUNTO DE ACCESO ADICIONAL DE MATERIA--NOMBRE DE ENTIDAD CORPORATIVA | |
| Nombre de entidad corporativa o nombre de jurisdicción como elemento de entrada | Médicos titulares. |
| 9 (RLIN) | 174616 |
| 650 #4 - PUNTO DE ACCESO ADICIONAL DE MATERIA--TÉRMINO DE MATERIA | |
| Término de materia o nombre geográfico como elemento de entrada | Medicina- |
| Subdivisión general | Contestaciones para oposiciones. |
| 9 (RLIN) | 14896 |
| 700 1# - ENTRADA AGREGADA--NOMBRE PERSONAL | |
| Nombre de persona | Moraza Ortega, Miguel. |
| 9 (RLIN) | 83175 |
| 700 1# - ENTRADA AGREGADA--NOMBRE PERSONAL | |
| Nombre de persona | Carrasco Pardal, Darío. |
| 9 (RLIN) | 174620 |
| 852 4# - LOCALIZACIÓN | |
| Ubicación | ES-MaACL |
| Número de control de estantería | P-380-Ter |
| Estatus retirado | Estado de pérdida | Estado de daño | No para préstamo | Biblioteca de origen | Biblioteca actual | Ubicación en estantería | Fecha de adquisición | Fuente de adquisición | Total de préstamos | Signatura topográfica completa | Código de barras | Visto por última vez | Precio de reemplazo | Tipo de ítem Koha |
|---|---|---|---|---|---|---|---|---|---|---|---|---|---|---|
| Biblioteca del Ateneo de Madrid | Biblioteca del Ateneo de Madrid | Depósito 2 | 17/01/2008 | P-380-Ter | 1049453 | 23/02/2023 | 23/02/2023 | Libro impreso |
